| 000 | 00480cam a2200193ua 4500 | ||
|---|---|---|---|
| 001 | 3018 | ||
| 005 | 20260515113624.0 | ||
| 008 | 120106n ii |||gr||||Z||||||asm | ||
| 040 | _cMAIN | ||
| 082 | _a920 | ||
| 100 |
_aSarma, Mukul Kumar, _eAuthor. |
||
| 245 | 1 | 1 |
_aJawaharlal Nehru _cby Mukul Kumar Sarma |
| 250 | _a2nd. | ||
| 260 |
_aJorhat: _bUnika Prakashan, _c2010. |
||
| 300 |
_a48p: _c23cm. |
||
| 653 | _aBiography | ||
| 653 | _aBiography of Jawaharlal Nehru | ||
| 942 | _cBK | ||
| 999 |
_c2864 _d2864 |
||